लाडी / (Record no. 70391)

MARC details
000 -LEADER
fixed length control field 01021nam a22002417a 4500
005 - DATE AND TIME OF LATEST TRANSACTION
control field 20120614170415.0
008 - FIXED-LENGTH DATA ELEMENTS--GENERAL INFORMATION
fixed length control field 081007t xxu||||| |||| 00| 0 mar d
010 ## - LCCN (DPL NO)
LC control number MAR-22623
020 ## - INTERNATIONAL STANDARD BOOK NUMBER
Terms of availability 200.00
International Standard Book Number 8186152725
035 ## - SYSTEM CONTROL NUMBER
System control number MR-15281
037 ## - SOURCE OF ACQUISITION
Source of stock number/acquisition D.B.Act /pub
082 ## - DEWEY DECIMAL CLASSIFICATION NUMBER
Classification number 891.463
100 ## - MAIN ENTRY--PERSONAL NAME
9 (RLIN) 49115
Personal name नलावडे, रामचंद्र
245 ## - TITLE STATEMENT
Title लाडी /
Statement of responsibility, etc रामचंद्र नलावडे
246 ## - VARYING FORM OF TITLE
Remainder of title by Ramchander Nalavade
Title proper/short title Ladee
260 ## - PUBLICATION, DISTRIBUTION, ETC. (IMPRINT)
Place of publication, distribution, etc पुणे
Name of publisher, distributor, etc सुविद्या प्रकाशन
Date of publication, distribution, etc 2007
270 ## - ADDRESS
City पुणे
Address 149,शनिवार पेठ
Postal code 411030
300 ## - PHYSICAL DESCRIPTION
Extent 266पृ.
Dimensions 22सेमी(अजिल्द)
650 ## - SUBJECT ADDED ENTRY--TOPICAL TERM
Topical term or geographic name as entry element मराठी कादंबरी
9 (RLIN) 52690
650 ## - SUBJECT ADDED ENTRY--TOPICAL TERM
Topical term or geographic name as entry element Marathi Fiction
9 (RLIN) 52691
942 ## - ADDED ENTRY ELEMENTS (KOHA)
Source of classification or shelving scheme Dewey Decimal Classification
Item type Marathi Books
Call number suffix नलाव
Classification part 891.463
Holdings
Withdrawn status Lost status Source of classification or shelving scheme Damaged status Not for loan Collection code Home library Current library Date acquired Source of acquisition Cost, normal purchase price Total Checkouts Full call number Barcode Date last seen Copy number Cost, replacement price Koha item type
    Dewey Decimal Classification   Not For Loan Fiction D.B.Act.Division D.B.Act.Division 27/09/2012 DBAD / PUB 200.00   891.463 नलाव MR-15281 27/09/2012 1 200.00 Marathi Books

© Delhi Public Library
Hit Counter
free hit counter